[Event "Vrindavana MMT op"]
[Site "Mathura"]
[Date "2023.04.25"]
[Round "6"]
[White "Jagreet, Misra"]
[Black "Rupesh, Reddy Y"]
[Result "1-0"]
[WhiteElo "1487"]
[BlackElo "1658"]
[PlyCount "93"]
[EventDate "2023.04.23"]
[EventType "swiss"]
[EventRounds "9"]
[EventCountry "IND"]
[SourceTitle "CBM 213 Extra"]
[Source "ChessBase"]
[SourceDate "2023.05.31"]
[SourceVersion "1"]
[SourceVersionDate "2023.05.31"]
[SourceQuality "1"]

1. d4 d5 2. Bf4 Nf6 3. e3 c5 4. Nf3 Nc6 5. Nbd2 e6 6. c3 Bd6 7. Bg3 0-0 8. Bd3 Qe7 9. Ne5 Qc7 10. f4 Ne7 11. Qf3 Nf5 12. Bf2 Be7 13. g4 Nd6 14. 0-0 Bd7 15. g5 Nfe4 16. Nxd7 Nxd2 17. Qh3 N2e4 18. Nxf8 Rxf8 19. Qg4 c4 20. Bxe4 Nxe4 21. Bg3 Qb6 22. Qe2 g6 23. Kg2 Kg7 24. h4 h5 25. gxh6+ Kh7 26. Rf3 a5 27. Rh1 Rg8 28. Be1 Qd8 29. Kf1 b5 30. h5 gxh5 31. f5 Ng5 32. Rf4 Bd6 33. Qxh5 Bxf4 34. exf4 Qc7 35. fxg5 Qf4+ 36. Ke2 Rxg5 37. Qf3 Rxf5 38. Qxf4 Rxf4 39. Bd2 Re4+ 40. Kf3 e5 41. dxe5 Rxe5 42. Bf4 Rf5 43. Kg4 Rf6 44. Rd1 Rg6+ 45. Kf3 b4 46. Rxd5 Ra6 47. Rc5 1-0